[Event "Titled Tuesday intern op 12th Mar Early"]
[Site "Chess.com INT"]
[Date "2024.03.12"]
[Round "3"]
[White "Darini, Pouria"]
[Black "Kramnik, Vladimir"]
[Result "0-1"]
[WhiteElo "2399"]
[BlackElo "2753"]
[PlyCount "52"]
[EventDate "2024.03.12"]
[EventType "swiss (blitz)"]
[EventRounds "11"]
[EventCountry "USA"]
[SourceTitle "CB12_2024"]
[SourceDate "2023.10.01"]
[SourceVersion "1"]
[SourceVersionDate "2023.10.01"]
[SourceQuality "1"]

1. e4 e6 2. d4 d5 3. Nc3 Nf6 4. e5 Nfd7 5. f4 c5 6. Nf3 Nc6 7. Be3 Be7 8. a3 0-0 9. dxc5 Nxc5 10. b4 Ne4 11. Nxe4 dxe4 12. Qxd8 Rxd8 13. Nd2 a5 14. b5 Nd4 15. Bxd4 Rxd4 16. c3 Rd7 17. Nxe4 b6 18. Be2 Bb7 19. Bf3 Rc8 20. 0-0 Bxe4 21. Bxe4 Rxc3 22. a4 g6 23. Rfc1 Rxc1+ 24. Rxc1 Rd4 25. Bf3 Bc5 26. Ra1 Rd1# 0-1

[Event "Titled Tuesday intern op 13th Feb Early"]
[Site "Chess.com INT"]
[Date "2024.02.13"]
[Round "3"]
[White "Darini, Pouria"]
[Black "Korobov, Anton"]
[Result "0-1"]
[WhiteElo "2408"]
[BlackElo "2666"]
[PlyCount "58"]
[EventDate "2024.02.13"]
[EventType "swiss (blitz)"]
[EventRounds "11"]
[EventCountry "USA"]
[SourceTitle "CB08_2024"]
[SourceDate "2024.02.21"]
[SourceVersion "1"]
[SourceVersionDate "2024.02.21"]
[SourceQuality "1"]

1. e4 c5 2. Nf3 d6 3. Bc4 Nf6 4. d3 Nc6 5. 0-0 Bg4 6. h3 Bh5 7. c3 e6 8. Bb3 Be7 9. Re1 0-0 10. Nbd2 b5 11. Nf1 h6 12. g4 Bg6 13. Ng3 d5 14. e5 Nd7 15. Bf4 c4 16. Bc2 Nc5 17. dxc4 bxc4 18. Bxg6 fxg6 19. Be3 Nd3 20. Rf1 Nxb2 21. Qe2 Nd3 22. Nd4 Nxd4 23. cxd4 Bg5 24. Rab1 Bxe3 25. fxe3 Qh4 26. Kg2 Rxf1 27. Rxf1 Rb8 28. Qf3 Rb2+ 29. Kg1 Qxh3 0-1

[Event "AI Cup Play In"]
[Site "Chess.com INT"]
[Date "2023.09.18"]
[Round "6"]
[White "Darini, Pouria"]
[Black "Rakhmanov, Alexander"]
[Result "0-1"]
[WhiteElo "2408"]
[BlackElo "2614"]
[PlyCount "116"]
[EventDate "2023.09.18"]
[EventType "swiss (rapid)"]
[EventRounds "9"]
[EventCountry "USA"]
[SourceTitle "EXT 2024"]
[Source "ChessBase"]
[SourceDate "2023.10.10"]
[SourceVersion "1"]
[SourceVersionDate "2023.10.10"]
[SourceQuality "1"]

1. e4 c5 2. Nf3 Nf6 3. e5 Nd5 4. Nc3 Nxc3 5. dxc3 Nc6 6. Bf4 Qb6 7. b3 Qc7 8. Qd2 e6 9. Bd3 h6 10. h4 b6 11. Be4 Bb7 12. 0-0-0 b5 13. Qe2 a6 14. Kb1 c4 15. Rd2 Ne7 16. Rhd1 Rd8 17. g3 g6 18. Nh2 Bxe4 19. Qxe4 Qc6 20. Ng4 Bg7 21. Qxc6 Nxc6 22. Rd6 Ke7 23. f3 Rhg8 24. Kb2 Rh8 25. Kb1 Rhg8 26. Kc1 Rh8 27. a3 Rhg8 28. Kb1 Rh8 29. Kb2 Rhg8 30. b4 Rh8 31. Kc1 Rhg8 32. R1d2 Rh8 33. Kd1 a5 34. Ke2 axb4 35. cxb4 Ke8 36. Nf6+ Bxf6 37. exf6 g5 38. hxg5 hxg5 39. Bxg5 Rh2+ 40. Ke3 Rxd2 41. Kxd2 Ra8 42. Be3 Rxa3 43. c3 Ra2+ 44. Kd1 Ra1+ 45. Kc2 Rf1 46. Bf4 Rxf3 47. Rd1 Rf2+ 48. Kb1 d5 49. Rg1 e5 50. Be3 Rf3 51. Bc5 Rxf6 52. Rh1 Rf3 53. Rh8+ Kd7 54. Rh6 d4 55. Rd6+ Kc7 56. cxd4 exd4 57. Rd5 d3 58. Kc1 c3 0-1

[Event "AI Cup Play In"]
[Site "Chess.com INT"]
[Date "2023.09.18"]
[Round "5"]
[White "Kuzubov, Yuriy"]
[Black "Darini, Pouria"]
[Result "1/2-1/2"]
[WhiteElo "2625"]
[BlackElo "2408"]
[PlyCount "66"]
[EventDate "2023.09.18"]
[EventType "swiss (rapid)"]
[EventRounds "9"]
[EventCountry "USA"]
[SourceTitle "EXT 2024"]
[Source "ChessBase"]
[SourceDate "2023.10.10"]
[SourceVersion "1"]
[SourceVersionDate "2023.10.10"]
[SourceQuality "1"]

1. d4 Nf6 2. Nf3 g6 3. Nbd2 d5 4. b4 Bg7 5. Bb2 0-0 6. e3 a5 7. b5 a4 8. c4 a3 9. Bc3 dxc4 10. Bxc4 Nd5 11. Qb3 Nxc3 12. Qxc3 c5 13. bxc6 Nxc6 14. 0-0 e5 15. dxe5 Qe7 16. Rac1 Nxe5 17. Nxe5 Bxe5 18. Qb3 Bxh2+ 19. Kxh2 Qd6+ 20. f4 Qxd2 21. Bxf7+ Rxf7 22. Rfd1 Qa5 23. Rd5 b5 24. Rxb5 Qd8 25. Re5 Bb7 26. Rd1 Qh4+ 27. Kg1 Qg4 28. Rg5 Qe2 29. Rd7 Qe1+ 30. Kh2 Qh4+ 31. Kg1 Qe1+ 32. Kh2 Qh4+ 33. Kg1 Qe1+ 1/2-1/2

[Event "FIDE World Cup"]
[Site "Baku"]
[Date "2023.08.01"]
[Round "1.4"]
[White "Darini, Pouria"]
[Black "Berkes, Ferenc"]
[Result "1/2-1/2"]
[WhiteElo "2412"]
[BlackElo "2615"]
[PlyCount "56"]
[EventDate "2023.07.30"]
[EventType "k.o."]
[EventRounds "8"]
[EventCountry "AZE"]
[SourceTitle "EXT 2024"]
[Source "ChessBase"]
[SourceDate "2023.10.10"]
[SourceVersion "1"]
[SourceVersionDate "2023.10.10"]
[SourceQuality "1"]

1. e4 e5 2. Nf3 Nc6 3. Bc4 Nf6 4. d3 Be7 5. 0-0 0-0 6. Nc3 d6 7. a4 a5 8. Re1 h6 9. h3 Re8 10. d4 Bf8 11. Bb5 Bd7 12. b3 exd4 13. Nxd4 Nxd4 14. Qxd4 c6 15. Bf1 d5 16. e5 Nh7 17. Bb2 Ng5 18. Qd3 Qb6 19. h4 Ne6 20. Rad1 Qb4 21. g3 Nc5 22. Qd2 Bg4 23. Rc1 Rad8 24. Nb1 d4 25. Bc4 Be6 26. Qxb4 axb4 27. Nd2 Bxc4 28. Nxc4 d3 1/2-1/2

[Event "FIDE World Cup"]
[Site "Baku"]
[Date "2023.07.31"]
[Round "1.2"]
[White "Berkes, Ferenc"]
[Black "Darini, Pouria"]
[Result "1-0"]
[WhiteElo "2615"]
[BlackElo "2412"]
[PlyCount "81"]
[EventDate "2023.07.30"]
[EventType "k.o."]
[EventRounds "8"]
[EventCountry "AZE"]
[SourceTitle "EXT 2024"]
[Source "ChessBase"]
[SourceDate "2023.10.10"]
[SourceVersion "1"]
[SourceVersionDate "2023.10.10"]
[SourceQuality "1"]

1. d4 Nf6 2. c4 g6 3. Nc3 d5 4. Nf3 Bg7 5. e3 0-0 6. cxd5 Nxd5 7. Bc4 Nb6 8. Bb3 c5 9. 0-0 cxd4 10. exd4 Nc6 11. d5 Na5 12. h3 Nxb3 13. axb3 e6 14. d6 Bd7 15. Bg5 f6 16. Be3 Bc6 17. Bc5 Qd7 18. Nd4 Nd5 19. Nxc6 Qxc6 20. Nxd5 Qxd5 21. Qxd5 exd5 22. Rfd1 Rfd8 23. Rxd5 Bf8 24. g4 Kf7 25. f4 Ke6 26. Rd3 Rac8 27. Bb4 Rc6 28. Rxa7 Rd7 29. Ra1 Bxd6 30. Re1+ Kf7 31. Kf1 Rd8 32. Red1 Ke7 33. f5 gxf5 34. gxf5 Rd7 35. Ke2 Rb6 36. Ba3 Rc6 37. Kf3 h5 38. Rd5 Rb6 39. R1d3 Rc6 40. R3d4 Rb6 41. b4 1-0

[Event "Titled Tuesday intern op 25th Jul Early"]
[Site "Chess.com INT"]
[Date "2023.07.25"]
[Round "4"]
[White "Darini, Pouria"]
[Black "Berezin, Viktor1111"]
[Result "1-0"]
[WhiteElo "2412"]
[BlackElo "2307"]
[PlyCount "115"]
[EventDate "2023.07.25"]
[EventType "swiss (blitz)"]
[EventRounds "11"]
[EventCountry "USA"]
[SourceTitle "EXT 2024"]
[Source "ChessBase"]
[SourceDate "2023.10.10"]
[SourceVersion "1"]
[SourceVersionDate "2023.10.10"]
[SourceQuality "1"]

1. Nf3 Nf6 2. d4 g6 3. Bg5 Bg7 4. Nbd2 0-0 5. c3 d6 6. e4 Nc6 7. Bc4 e5 8. dxe5 Nxe5 9. Nxe5 dxe5 10. 0-0 c6 11. Qe2 Qc7 12. Rfd1 h6 13. Bxf6 Bxf6 14. a4 Qe7 15. a5 Be6 16. Bxe6 Qxe6 17. Qc4 Qg4 18. f3 Qg5 19. Qe2 Be7 20. Nb3 Rad8 21. a6 b6 22. Rd3 Rxd3 23. Qxd3 Rd8 24. Qe2 Kg7 25. Kf1 Qf4 26. g3 Qf6 27. Rd1 Qe6 28. Rxd8 Bxd8 29. Nc1 b5 30. Nd3 Bb6 31. Nb4 Qd6 32. Nd3 Qe6 33. Nc1 Qd6 34. b4 h5 35. Nd3 Qe6 36. Kg2 Qc4 37. Qd2 Qe6 38. Nb2 Qc8 39. Qd6 Qxa6 40. Qxe5+ Kh7 41. Qf4 Kg8 42. Nd3 Qa1 43. Qc1 Qa2+ 44. Kh3 Qe2 45. Ne5 Be3 46. Qh1 h4 47. Qg2 Qd1 48. gxh4 Qd6 49. Qg3 Bh6 50. Kg2 Bg7 51. Ng4 Qd2+ 52. Kh3 Qxc3 53. h5 gxh5 54. Nh6+ Kf8 55. Qb8+ Ke7 56. Nf5+ Kf6 57. Qd6+ Kg5 58. Qg3+ 1-0

[Event "Titled Tuesday intern op 25th Jul Early"]
[Site "Chess.com INT"]
[Date "2023.07.25"]
[Round "1"]
[White "Darini, Pouria"]
[Black "Eggleston, Thomas"]
[Result "1-0"]
[WhiteElo "2412"]
[BlackElo "2215"]
[PlyCount "75"]
[EventDate "2023.07.25"]
[EventType "swiss (blitz)"]
[EventRounds "11"]
[EventCountry "USA"]
[SourceTitle "EXT 2024"]
[Source "ChessBase"]
[SourceDate "2023.10.10"]
[SourceVersion "1"]
[SourceVersionDate "2023.10.10"]
[SourceQuality "1"]

1. e4 e6 2. d4 d5 3. Nc3 Nf6 4. e5 Nfd7 5. f4 c5 6. Nf3 Nc6 7. Be3 a6 8. Qd2 Qb6 9. Na4 Qb4 10. Qxb4 Nxb4 11. Kd2 b6 12. c3 Nc6 13. b3 Be7 14. Bd3 0-0 15. dxc5 bxc5 16. c4 dxc4 17. Bxc4 Rd8 18. Ke2 Na5 19. Bd3 Bb7 20. Rac1 Rac8 21. Rc3 f6 22. Rhc1 fxe5 23. fxe5 Bxf3+ 24. gxf3 Nxe5 25. Bxa6 Ra8 26. Bxc5 Bg5 27. Be3 Bxe3 28. Rxe3 Nac6 29. Bb7 Nd4+ 30. Kf2 Rab8 31. Nc5 Ng6 32. a4 Nf4 33. a5 Nxb3 34. Rxb3 Nd3+ 35. Rxd3 Rxd3 36. Nxd3 Rxb7 37. a6 Ra7 38. Ra1 1-0

[Event "Titled Tuesday intern op 25th Jul Early"]
[Site "Chess.com INT"]
[Date "2023.07.25"]
[Round "6"]
[White "Kuznetsova, Olga"]
[Black "Darini, Pouria"]
[Result "0-1"]
[WhiteElo "2142"]
[BlackElo "2412"]
[PlyCount "42"]
[EventDate "2023.07.25"]
[EventType "swiss (blitz)"]
[EventRounds "11"]
[EventCountry "USA"]
[SourceTitle "EXT 2024"]
[Source "ChessBase"]
[SourceDate "2023.10.10"]
[SourceVersion "1"]
[SourceVersionDate "2023.10.10"]
[SourceQuality "1"]

1. d4 Nf6 2. Bf4 e6 3. e3 d5 4. Nd2 c5 5. c3 Nc6 6. Bd3 Bd6 7. Bg3 e5 8. dxc5 Bxc5 9. e4 0-0 10. Ngf3 Re8 11. Qe2 Bg4 12. h3 Bh5 13. Bh4 Bg6 14. exd5 e4 15. Nxe4 Qxd5 16. Bxf6 Bxe4 17. 0-0-0 gxf6 18. Bc4 Qf5 19. Nh4 Qf4+ 20. Qd2 Qxh4 21. Rhe1 Rad8 0-1

[Event "Titled Tuesday intern op 18th Jul Late"]
[Site "Chess.com INT"]
[Date "2023.07.18"]
[Round "1"]
[White "Darini, Pouria"]
[Black "Luong, Phuong Hanh"]
[Result "1-0"]
[WhiteElo "2412"]
[BlackElo "2100"]
[PlyCount "35"]
[EventDate "2023.07.18"]
[EventType "swiss (blitz)"]
[EventRounds "11"]
[EventCountry "USA"]
[SourceTitle "EXT 2024"]
[Source "ChessBase"]
[SourceDate "2023.10.10"]
[SourceVersion "1"]
[SourceVersionDate "2023.10.10"]
[SourceQuality "1"]

1. d4 Nf6 2. Bf4 g6 3. Nc3 d5 4. e3 c6 5. h4 h6 6. Nf3 Bg7 7. Ne5 Nbd7 8. Be2 0-0 9. Qd2 b5 10. Nxc6 Qe8 11. Bxb5 Nh5 12. Nxd5 Nxf4 13. Nc7 Ne6 14. Nxe8 Rxe8 15. 0-0 a6 16. Bc4 Nb6 17. Bb3 Nc7 18. Qa5 1-0

[Event "Titled Tuesday intern op 18th Jul Late"]
[Site "Chess.com INT"]
[Date "2023.07.18"]
[Round "6"]
[White "Darini, Pouria"]
[Black "Van Foreest, Jorden"]
[Result "0-1"]
[WhiteElo "2412"]
[BlackElo "2693"]
[PlyCount "80"]
[EventDate "2023.07.18"]
[EventType "swiss (blitz)"]
[EventRounds "11"]
[EventCountry "USA"]
[SourceTitle "EXT 2024"]
[Source "ChessBase"]
[SourceDate "2023.10.10"]
[SourceVersion "1"]
[SourceVersionDate "2023.10.10"]
[SourceQuality "1"]

1. d4 Nf6 2. Bg5 b5 3. Bxf6 exf6 4. e3 a6 5. a4 b4 6. Qf3 Ra7 7. Nd2 Bb7 8. Qg3 g6 9. h4 h5 10. Bd3 Bg7 11. Ne2 0-0 12. Nf4 d6 13. Nxg6 fxg6 14. Qxg6 Rf7 15. Rh3 Nd7 16. Qh7+ Kf8 17. Rg3 f5 18. Qxh5 Nf6 19. Qg5 c5 20. dxc5 dxc5 21. h5 f4 22. exf4 Qd5 23. h6 Bh8 24. Bc4 Qxd2+ 25. Kxd2 Ne4+ 26. Ke2 Nxg5 27. fxg5 Rf4 28. Rd1 Ra8 29. b3 Re8+ 30. Kf1 Bd4 31. f3 Rh4 32. Rh3 Rxh3 33. gxh3 Bxf3 34. Rd2 Be4 35. Bxa6 Re5 36. Bd3 Bxd3+ 37. Rxd3 Rxg5 38. Rf3+ Ke7 39. a5 Rg6 40. h7 Rh6 0-1

[Event "Titled Tuesday intern op 20th Jun Early"]
[Site "Chess.com INT"]
[Date "2023.06.20"]
[Round "7"]
[White "Darini, Pouria"]
[Black "Eljanov, Pavel"]
[Result "0-1"]
[WhiteElo "2401"]
[BlackElo "2694"]
[PlyCount "126"]
[EventDate "2023.06.20"]
[EventType "swiss (blitz)"]
[EventRounds "11"]
[EventCountry "USA"]
[SourceTitle "EXT 2024"]
[Source "ChessBase"]
[SourceDate "2023.10.10"]
[SourceVersion "1"]
[SourceVersionDate "2023.10.10"]
[SourceQuality "1"]

1. e4 e5 2. Bc4 Nf6 3. d3 Nc6 4. Nc3 Bb4 5. Nf3 d6 6. a3 Bxc3+ 7. bxc3 0-0 8. 0-0 h6 9. Rb1 Re8 10. Re1 Rb8 11. h3 a6 12. a4 Na5 13. Ba2 Bd7 14. Ra1 b6 15. Nd2 Nb7 16. f4 exf4 17. Nf3 g5 18. c4 a5 19. Bb2 Nc5 20. Bb3 Nh7 21. Nd4 Qf6 22. Ra2 Qg6 23. Rf1 Nf6 24. Qf3 Nh5 25. Ne2 f5 26. exf5 Bxf5 27. Qf2 Rxe2 28. Qxe2 Ng3 29. Qf2 Nxf1 30. Qxf1 Re8 31. Ra1 Qe6 32. Bc3 Qe2 33. Qxe2 Rxe2 34. Re1 Rxe1+ 35. Bxe1 Nxb3 36. cxb3 Bxd3 37. Kf2 Bc2 38. b4 axb4 39. Bxb4 Bxa4 40. Bd2 Kf7 41. g3 fxg3+ 42. Kxg3 Bb3 43. c5 dxc5 44. h4 gxh4+ 45. Kxh4 Ke6 46. Bxh6 b5 47. Kg3 b4 48. Kf2 Kd5 49. Ke1 c6 50. Bf8 Bc4 51. Kd2 Ba6 52. Be7 Kc4 53. Kc2 Kb5 54. Bf8 c4 55. Kb2 Bc8 56. Bg7 c3+ 57. Kc2 Bf5+ 58. Kb3 Be6+ 59. Kc2 Kc4 60. Bf6 b3+ 61. Kc1 Bf5 62. Bxc3 Kxc3 63. Kd1 b2 0-1

[Event "Titled Tuesday intern op 20th Jun Late"]
[Site "Chess.com INT"]
[Date "2023.06.20"]
[Round "5"]
[White "Darini, Pouria"]
[Black "Ismagilov, Damir"]
[Result "0-1"]
[WhiteElo "2401"]
[BlackElo "2156"]
[PlyCount "90"]
[EventDate "2023.06.20"]
[EventType "swiss (blitz)"]
[EventRounds "11"]
[EventCountry "USA"]
[SourceTitle "EXT 2024"]
[Source "ChessBase"]
[SourceDate "2023.10.10"]
[SourceVersion "1"]
[SourceVersionDate "2023.10.10"]
[SourceQuality "1"]

1. b3 Nf6 2. Bb2 g6 3. Nf3 Bg7 4. e3 0-0 5. Be2 b6 6. 0-0 Bb7 7. a4 a6 8. d3 d6 9. d4 Nbd7 10. a5 b5 11. c4 bxc4 12. bxc4 Re8 13. Nbd2 Rb8 14. Bc3 e5 15. d5 Nc5 16. Qc2 Bc8 17. e4 Nh5 18. Rfb1 Bd7 19. Rxb8 Qxb8 20. Rb1 Qa8 21. Bb4 Qa7 22. Ba3 f5 23. Re1 Nxe4 24. Nxe4 fxe4 25. Qxe4 Nf4 26. Bf1 Bf5 27. Qe3 Qxe3 28. fxe3 Nd3 29. Rd1 e4 30. Nd4 Bxd4 31. exd4 Rb8 32. g4 Bxg4 33. Rd2 Rb3 34. Ra2 e3 35. Bxd3 Rxd3 36. Bb4 Rd1+ 37. Kg2 e2 38. h3 Bh5 39. Kf2 Rf1+ 40. Kg3 e1Q+ 41. Bxe1 Rxe1 42. Rb2 Re3+ 43. Kf4 Rc3 44. Rb7 Rxc4 45. Kg5 Kg7 0-1

[Event "Titled Tuesday intern op 20th Jun Early"]
[Site "Chess.com INT"]
[Date "2023.06.20"]
[Round "1"]
[White "Darini, Pouria"]
[Black "Ramirez, Vido Robert"]
[Result "1-0"]
[WhiteElo "2401"]
[BlackElo "2015"]
[PlyCount "83"]
[EventDate "2023.06.20"]
[EventType "swiss (blitz)"]
[EventRounds "11"]
[EventCountry "USA"]
[SourceTitle "EXT 2024"]
[Source "ChessBase"]
[SourceDate "2023.10.10"]
[SourceVersion "1"]
[SourceVersionDate "2023.10.10"]
[SourceQuality "1"]

1. d4 g6 2. Nf3 Nf6 3. Bf4 Bg7 4. e3 0-0 5. Be2 d6 6. c3 Nbd7 7. 0-0 Re8 8. h3 b6 9. a4 a6 10. Bc4 Bb7 11. Bh2 e5 12. dxe5 Nxe5 13. Nxe5 dxe5 14. Nd2 Qe7 15. Nf3 e4 16. Ne5 Nd5 17. Bxd5 Bxd5 18. Nxg6 hxg6 19. Qxd5 Rad8 20. Qc4 Rd2 21. Qxc7 Qxc7 22. Bxc7 Rxb2 23. Rab1 Bxc3 24. Rxb2 Bxb2 25. Rb1 Be5 26. Bxe5 Rxe5 27. Rxb6 Ra5 28. Rb4 f5 29. g4 Kf7 30. Kg2 Ke6 31. Kg3 Ke5 32. gxf5 gxf5 33. h4 Rc5 34. Rb6 Ra5 35. Rb4 Rc5 36. Rb8 Ra5 37. Re8+ Kf6 38. Rf8+ Kg6 39. Kf4 Rxa4 40. Rxf5 Ra2 41. h5+ Kh6 42. Kxe4 1-0

[Event "Titled Tuesday intern op 20th Jun Early"]
[Site "Chess.com INT"]
[Date "2023.06.20"]
[Round "3"]
[White "Gheorghiu, Calin"]
[Black "Darini, Pouria"]
[Result "0-1"]
[WhiteElo "2313"]
[BlackElo "2401"]
[PlyCount "54"]
[EventDate "2023.06.20"]
[EventType "swiss (blitz)"]
[EventRounds "11"]
[EventCountry "USA"]
[SourceTitle "EXT 2024"]
[Source "ChessBase"]
[SourceDate "2023.10.10"]
[SourceVersion "1"]
[SourceVersionDate "2023.10.10"]
[SourceQuality "1"]

1. e4 c5 2. Nf3 Nc6 3. c3 d5 4. exd5 Qxd5 5. d4 Nf6 6. Be3 cxd4 7. cxd4 e6 8. Nc3 Qd6 9. Be2 Be7 10. 0-0 0-0 11. Rc1 b6 12. a3 Bb7 13. Bd3 Rfd8 14. Re1 Rac8 15. Bb1 Bf8 16. Qd2 Na5 17. Bf4 Qe7 18. Ne5 Nb3 19. Qe3 Nxc1 20. Rxc1 Nd5 21. Qh3 g6 22. Bh6 Bxh6 23. Qxh6 Qf6 24. Ne4 Qf4 25. Qxf4 Nxf4 26. Rd1 Bxe4 27. Bxe4 Rxd4 0-1

[Event "Titled Tuesday intern op 13th Jun Early"]
[Site "Chess.com INT"]
[Date "2023.06.13"]
[Round "2"]
[White "Carlsen, Magnus"]
[Black "Darini, Pouria"]
[Result "1-0"]
[WhiteElo "2853"]
[BlackElo "2401"]
[PlyCount "60"]
[EventDate "2023.06.13"]
[EventType "swiss (blitz)"]
[EventRounds "11"]
[EventCountry "USA"]
[SourceTitle "EXT 2024"]
[Source "ChessBase"]
[SourceDate "2023.10.10"]
[SourceVersion "1"]
[SourceVersionDate "2023.10.10"]
[SourceQuality "1"]

1. e4 c5 2. Nf3 Nc6 3. Bb5 e6 4. 0-0 Nge7 5. Re1 b6 6. c3 a6 7. Bf1 d5 8. d3 Bb7 9. a4 h6 10. Nbd2 g6 11. e5 Bg7 12. d4 cxd4 13. cxd4 0-0 14. Nb1 Rc8 15. Nc3 Na5 16. h4 Nf5 17. g3 Nc4 18. Bd3 Bc6 19. Ne2 Bb7 20. b3 Na5 21. Nf4 Nc6 22. Bxf5 exf5 23. e6 Kh7 24. Ba3 Re8 25. exf7 Rxe1+ 26. Qxe1 Qf6 27. Qe6 Nxd4 28. Nxd4 Qxd4 29. Qxg6+ Kh8 30. Re1 Bc6 1-0

[Event "Titled Tuesday intern op 13th Jun Late"]
[Site "Chess.com INT"]
[Date "2023.06.13"]
[Round "3"]
[White "Gasparyan, Davit"]
[Black "Darini, Pouria"]
[Result "0-1"]
[WhiteElo "2142"]
[BlackElo "2401"]
[PlyCount "102"]
[EventDate "2023.06.13"]
[EventType "swiss (blitz)"]
[EventRounds "11"]
[EventCountry "USA"]
[SourceTitle "EXT 2024"]
[Source "ChessBase"]
[SourceDate "2023.10.10"]
[SourceVersion "1"]
[SourceVersionDate "2023.10.10"]
[SourceQuality "1"]

1. Nf3 d5 2. g3 Nd7 3. d4 Nb6 4. Bg2 Bf5 5. 0-0 e6 6. a4 a5 7. b3 c6 8. Nbd2 Nf6 9. Nh4 Bg4 10. Ba3 Bxa3 11. Rxa3 Qe7 12. Ra1 e5 13. dxe5 Qxe5 14. Nhf3 Qc3 15. Ra2 0-0 16. Qa1 Qxa1 17. Raxa1 Rfe8 18. Rfe1 Rad8 19. h3 Bf5 20. Nd4 Bg6 21. Rac1 Ne4 22. Nxe4 Bxe4 23. Bxe4 dxe4 24. e3 Nd5 25. c3 g6 26. Rc2 Rd7 27. Rb1 Ra8 28. Kf1 h5 29. Ke2 Kf8 30. Ra1 Ke7 31. Rb1 Nb6 32. Rd1 Rad8 33. Rcd2 Nd5 34. Rc2 Nc7 35. Rcd2 Na6 36. Nc2 Rxd2+ 37. Rxd2 Ra8 38. Nd4 Nc5 39. f3 exf3+ 40. Kxf3 Kf6 41. h4 Ke5 42. Kg2 Kf6 43. Kf3 Re8 44. Ra2 Ne4 45. Rc2 Ke5 46. b4 Ra8 47. b5 c5 48. Nb3 b6 49. Nd2 Nd6 50. c4 Rd8 51. Nf1 Ne4 0-1

[Event "Titled Tuesday intern op 13th Jun Early"]
[Site "Chess.com INT"]
[Date "2023.06.13"]
[Round "3"]
[White "Ladan, Nicholas John"]
[Black "Darini, Pouria"]
[Result "0-1"]
[WhiteElo "2200"]
[BlackElo "2401"]
[PlyCount "128"]
[EventDate "2023.06.13"]
[EventType "swiss (blitz)"]
[EventRounds "11"]
[EventCountry "USA"]
[SourceTitle "EXT 2024"]
[Source "ChessBase"]
[SourceDate "2023.10.10"]
[SourceVersion "1"]
[SourceVersionDate "2023.10.10"]
[SourceQuality "1"]

1. d4 Nf6 2. Bf4 d5 3. e3 c5 4. Nf3 e6 5. c3 Nc6 6. Nbd2 cxd4 7. exd4 Nh5 8. Bg5 f6 9. Bh4 Bd6 10. Bd3 Nf4 11. Bf1 0-0 12. Bg3 Bd7 13. Qc2 Rc8 14. a3 f5 15. Bxf4 Bxf4 16. g3 Bd6 17. Bg2 Qb6 18. Qb3 Qc7 19. 0-0 b5 20. Rfe1 h6 21. Re2 Na5 22. Qa2 Nc4 23. Rae1 Rfe8 24. Nxc4 bxc4 25. Ne5 Ba4 26. g4 fxg4 27. Qb1 Bxe5 28. Rxe5 Qf7 29. Qc1 Rf8 30. Qe3 Bd7 31. Qg3 Qf4 32. R1e3 Rb8 33. Qxf4 Rxf4 34. Re2 g5 35. h3 gxh3 36. Bxh3 g4 37. Bg2 Rbf8 38. Rh5 Kg7 39. Rhe5 R8f5 40. Rxf5 Rxf5 41. Kh2 h5 42. Kg3 Kg6 43. f4 gxf3 44. Bxf3 Kg5 45. Rg2 h4+ 46. Kf2+ Kf6 47. Ke3 e5 48. dxe5+ Kxe5 49. Rh2 Rf4 50. Rg2 h3 51. Rg5+ Bf5 52. Rg7 Rh4 53. Rxa7 h2 54. Re7+ Kf6 55. Re8 Be4 56. Rxe4 dxe4 57. Bg2 h1Q 58. Bxh1 Rxh1 59. Kxe4 Rd1 60. a4 Ke6 61. a5 Kd6 62. a6 Kc5 63. a7 Ra1 64. a8N Rxa8 0-1

[Event "Aimchess Play In op"]
[Site "Chess.com INT"]
[Date "2023.06.12"]
[Round "1"]
[White "Darini, Pouria"]
[Black "Bernadskiy, Vitaliy"]
[Result "1/2-1/2"]
[WhiteElo "2401"]
[BlackElo "2553"]
[PlyCount "102"]
[EventDate "2023.06.12"]
[EventType "swiss (rapid)"]
[EventRounds "9"]
[EventCountry "USA"]
[SourceTitle "CBM 214 Extra"]
[Source "ChessBase"]
[SourceDate "2023.07.31"]
[SourceVersion "1"]
[SourceVersionDate "2023.07.31"]
[SourceQuality "1"]

1. e4 c5 2. Nf3 Nc6 3. Bb5 e6 4. Bxc6 bxc6 5. b3 Ne7 6. 0-0 Ng6 7. Bb2 f6 8. d4 d5 9. Qe2 Kf7 10. Re1 dxe4 11. Qxe4 Qd5 12. Nc3 Qxe4 13. Nxe4 cxd4 14. Nxd4 e5 15. Nxc6 Bd7 16. Na5 Bb4 17. Bc3 Bxc3 18. Nxc3 Rac8 19. Nc4 Rc5 20. Ne4 Rc6 21. Rad1 Be6 22. Ne3 a5 23. c4 Rb8 24. Rd6 Rxd6 25. Nxd6+ Ke7 26. Rd1 a4 27. Nb5 axb3 28. axb3 Ra8 29. b4 Nf4 30. Nc7 Ra2 31. Nxe6 Kxe6 32. Kf1 e4 33. Nd5 Nd3 34. f3 Nb2 35. Rc1 exf3 36. gxf3 Nd3 37. Rc3 Ne5 38. f4 Ng4 39. h3 Nf2 40. Re3+ Kd6 41. Re2 Rxe2 42. Kxe2 Nxh3 43. Kf3 g5 44. Nxf6 Nxf4 45. Nxh7 Nd3 46. Nxg5 Ne5+ 47. Ke4 Nxc4 48. Kd4 Na3 49. Ne4+ Kc6 50. Nc3 Nc2+ 51. Kc4 Nxb4 1/2-1/2

[Event "Aimchess Play In op"]
[Site "Chess.com INT"]
[Date "2023.06.12"]
[Round "7"]
[White "Darini, Pouria"]
[Black "Sasikiran, Krishnan"]
[Result "1/2-1/2"]
[WhiteElo "2401"]
[BlackElo "2604"]
[PlyCount "99"]
[EventDate "2023.06.12"]
[EventType "swiss (rapid)"]
[EventRounds "9"]
[EventCountry "USA"]
[SourceTitle "CBM 214 Extra"]
[Source "ChessBase"]
[SourceDate "2023.07.31"]
[SourceVersion "1"]
[SourceVersionDate "2023.07.31"]
[SourceQuality "1"]

1. e4 c5 2. Nf3 d6 3. d4 cxd4 4. Nxd4 Nf6 5. Nc3 a6 6. a4 e5 7. Nf3 h6 8. Bc4 Be7 9. 0-0 0-0 10. Qe2 Be6 11. Rd1 Qc7 12. Bb3 Nc6 13. Nd5 Bxd5 14. exd5 Na5 15. Ba2 Rfc8 16. Ne1 Rab8 17. c3 b5 18. axb5 axb5 19. Nc2 Qb7 20. Nb4 Ra8 21. Bd2 Nc4 22. Be1 Bf8 23. Bb3 g6 24. Rxa8 Qxa8 25. f3 Bg7 26. Bf2 Kh7 27. g3 h5 28. Kg2 Bh6 29. Ba2 Qb7 30. Bb1 e4 31. Bxe4 Re8 32. b3 Nb6 33. Qxb5 Nxe4 34. Qxe8 Nxf2 35. Kxf2 Bg7 36. Rd3 Nd7 37. Qxf7 Qb6+ 38. Kg2 Ne5 39. Qe6 Nxd3 40. Nxd3 Qxb3 41. Nf4 Qc2+ 42. Kh3 Be5 43. Qf7+ Kh6 44. Qf8+ Kh7 45. Qe7+ Kh6 46. Ne6 Qf5+ 47. Kg2 Qc2+ 48. Kh3 Qf5+ 49. Kg2 Qc2+ 50. Kh3 1/2-1/2